000 00493nam a2200169Ia 4500
008 090201s9999 xx 000 0 und d
010 _aKPL-42636
040 _bमराठी
041 _aमराठी
082 _a8110
_b42636
100 _aना सी फडके
245 _aजादुगार
_cना सी फडके
260 _c2004
_bव्हिनस प्रकाशन
300 _a304
_bमोठा
600 _aजादुगार
942 _cBOOK
999 _c208740
_d208740